O meu primeiro Larousse do mundo (Registo nº 3436)
[ vista simples ]
| 000 -Etiqueta do registo | |
|---|---|
| Cabeçalho | 00932nam a22003011 4500 |
| 005 - Identificador da versão | |
| Campo de controlo | 20240829164013.0 |
| 010 ## - Número internacional normalizado dos livros (ISBN) | |
| Número (ISBN) | 9896250499 |
| 021 ## - Número do Depósito Legal | |
| Código do país | PT |
| Número | 240301/06 |
| 100 ## - Dados gerais de processamento | |
| Dados gerais de processamento | 20070716d2006 da y0pory5003 ba |
| 101 1# - Língua de publicação | |
| Língua do texto, banda sonora, etc. | Português |
| 102 ## - Pais de publicação ou produção | |
| País de publicação | Portugal |
| 105 ## - Campo de dados codificados: livros | |
| Dados codificados dos livros | a z 001yy |
| 106 ## - Campo de dados codificados: material textual | |
| Dados codificados do material textual | r |
| 200 1# - Titulo e menção de responsabilidade | |
| Título próprio | O meu primeiro Larousse do mundo |
| Primeira menção de responsabilidade | Larousse |
| Outras menções de responsabilidade | dir. edit. Françoise Vibert-Guigue, Delphine Godard |
| -- | il. Peter Allen... [et al.] |
| -- | trad. Maria Luísa Condeço |
| 205 ## - Menção da edição | |
| Menção da edição | 1ª ed |
| 210 ## - Publicação, Distribuição, etc. | |
| Lugar da edição, distribuição, etc. | Lisboa |
| Nome do editor, distribuidor, etc. | Campo das Letras |
| Data da publicação, distribuição, etc. | 2006 |
| 215 ## - Descrição física | |
| Indicação específica da natureza do documento e extensão da espécie | 159 p. |
| Outras indicações físicas | muito il. |
| Dimensões | 25 cm |
| 225 2# - Colecção | |
| Título próprio da colecção | O meu primeiro Larousse |
| Indicação de volume | 5 |
| 606 ## - Nome comum usado como assunto | |
| Número de registo de entrada de autoridade | 0001387 |
| Palavra de ordem | Geografia |
| 675 ## - Classificação Decimal Universal (CDU) | |
| Notação | 91 |
| Edição | 2ª |
| Língua da edição | por |
| 702 #1 - Nome de autor-pessoa física (responsabilidade secundária) | |
| Número de registo de entrada de autoridade | 0002684 |
| Palavra de ordem | Vibert-Guigue |
| Outra parte do nome não tomada para palavra de ordem | Françoise |
| Código de função | Responsável editorial |
| Número de registo de entrada de autoridade | 0002754 |
| Palavra de ordem | Godard |
| Outra parte do nome não tomada para palavra de ordem | Delphine |
| Código de função | Responsável editorial |
| Número de registo de entrada de autoridade | 0002752 |
| Palavra de ordem | Allen |
| Outra parte do nome não tomada para palavra de ordem | Peter |
| Código de função | Ilustrador / Técnico de desenho computorizado |
| Número de registo de entrada de autoridade | 0002696 |
| Palavra de ordem | Condeço |
| Outra parte do nome não tomada para palavra de ordem | Maria Luísa |
| Código de função | Tradutor |
| 710 02 - Nome de colectividade-autor (responsabilidade principal) | |
| Número de registo de entrada de autoridade | 0002753 |
| Palavra de ordem | Larousse |
| 942 ## - Elementos de entrada adicionados (Koha) | |
| Tipo de item no Koha | Livro |
| Situação do levantamento | Origin of item (home branch) (coded) | Biblioteca de empréstimo | Código de barras | Cota | Circulation type (not for loan) | Tipo de documento | Nota do exemplar | Damaged status |
|---|---|---|---|---|---|---|---|---|
| Biblioteca Escolar da Coca Maravilhas | Biblioteca Escolar da Coca Maravilhas | BECM7751/07 | 9GEO LAR | Livro | Sem mensagem |
